000 00608cam a22002295a 4500
001 L159701
008 150226s2016 xxk f 000 0 eng d
035 _a(Sirsi) u159701
041 0 _aeng
100 1 _aWilding, Mark
245 0 0 _aTaken to the cleaners
260 _c2016
490 _aModus
_vOctober 2016, 28-31 (4)
520 _aFocuses on construction industry respose to money laundering.
590 _aKA
650 2 4 _aMONEY LAUNDERING
650 2 4 _aETHICS
650 2 4 _aMONEY LAUNDERING DIRECTIVE 2015
651 4 _aUnited Kingdom
_y
690 _aBusiness and management
942 _n0
999 _c84923
_d84923